| 000 | 00725nam a2200217 i 4500 | ||
|---|---|---|---|
| 001 | bg | ||
| 245 | 0 | 0 |
_aGeotechnika w budownictwie i górnictwie : _bXXVI Zimowa Szkoła Mechaniki Górotworu : zeszyt streszczeń, Lądek Zdrój 10-14 marca 2003 r. |
| 260 |
_aWrocław : _bOficyna Wydawnicza Politechniki Wrocławskiej, _c2003. |
||
| 300 |
_a40 s. : _b24 cm. |
||
| 500 | _aTekst częśc. ang. | ||
| 650 | 9 |
_aGeologia inżynierska _xbudownictwo |
|
| 650 | 9 |
_aGeologia inżynierska _xgórnictwo |
|
| 655 | _aMateriały konferencyjne | ||
| 020 | _a8370856926 | ||
| 040 | _cBPK | ||
| 041 | 0 | _apoleng | |
| 080 | _a624.131:622](061) | ||
| 920 | _a83-7085-692-6 | ||
| 942 | _cKS | ||
| 008 | s pl f |000 0 pol | ||
| 999 |
_c44207 _d44207 |
||
| 856 |
_uhttp://koha.tu.koszalin.pl/cgi-bin/koha/opac-detail.pl?biblionumber=44207 _yKatalog online BPK |
||